[Event "Toronto op"]
[Site "Toronto CAN"]
[Date "2025.08.30"]
[Round "1.10"]
[White "Xie, Irene"]
[Black "Cummings, David"]
[Result "1/2-1/2"]
[WhiteElo "1977"]
[BlackElo "2252"]
[WhiteFideId "-1"]
[WhiteFideId "-1"]
[PlyCount "111"]
[GameId "2217351868132705"]
[EventDate "2025.08.30"]
[EventType "swiss"]
[EventRounds "6"]
[EventCountry "CAN"]
[SourceTitle "The Week in Chess 1608"]
[Source "Mark Crowther"]
[SourceDate "2025.09.01"]
[SourceVersion "2"]
[SourceVersionDate "2025.09.01"]
[SourceQuality "2"]

1. e4 c6 2. d4 d5 3. Nd2 dxe4 4. Nxe4 Nf6 5. Nxf6+ exf6 6. c3 Bd6 7. Bd3 O-O 8. Qc2 Re8+ 9. Ne2 h5 10. Be3 Nd7 11. O-O-O Nf8 12. c4 Be6 13. Nc3 Ng6 14. Ne4 b5 15. Nxd6 Qxd6 16. Kb1 bxc4 17. Bxc4 Rab8 18. Bxe6 Qxe6 19. Rc1 Ne7 20. Rhe1 Qd7 21. Qd1 Rb5 22. Rc2 Nd5 23. Bd2 Reb8 24. Qf3 g6 25. h3 f5 26. Rg1 Qb7 27. Bc3 Re8 28. g4 fxg4 29. hxg4 h4 30. g5 Qe7 31. Bd2 Qe4 32. Qxe4 Rxe4 33. Rxc6 Rxd4 34. Rc8+ Kg7 35. Bc1 f6 36. b3 Kf7 37. gxf6 Rb7 38. Rh1 Nxf6 39. Bg5 Rg4 40. Bxh4 Ne4 41. Bg3 Ke6 42. Re1 Kd7 43. Rg8 Nxg3 44. Rg7+ Kc6 45. Re6+ Kd5 46. Rxb7 Kxe6 47. fxg3 a5 48. Rb5 a4 49. bxa4 Rxg3 50. a5 Kd6 51. a6 Ra3 52. Rb6+ Kc5 53. Rxg6 Kb5 54. Kb2 Rxa6 55. Rg4 Rh6 56. Kb3 1/2-1/2

[Event "Toronto op"]
[Site "Toronto CAN"]
[Date "2025.08.30"]
[Round "1.11"]
[White "Gavrilin, Roman"]
[Black "Qian, Eric"]
[Result "0-1"]
[WhiteElo "2147"]
[BlackElo "1967"]
[WhiteFideId "-1"]
[WhiteFideId "-1"]
[PlyCount "68"]
[GameId "2217351868136802"]
[EventDate "2025.08.30"]
[EventType "swiss"]
[EventRounds "6"]
[EventCountry "CAN"]
[SourceTitle "The Week in Chess 1608"]
[Source "Mark Crowther"]
[SourceDate "2025.09.01"]
[SourceVersion "2"]
[SourceVersionDate "2025.09.01"]
[SourceQuality "2"]

1. e4 e5 2. Nf3 Nc6 3. Bb5 Nf6 4. d3 Bc5 5. Bxc6 dxc6 6. Nbd2 O-O 7. h3 Be6 8. Qe2 Nd7 9. Nb3 Be7 10. Bd2 c5 11. Na5 Qb8 12. O-O c6 13. Nh2 Bd6 14. a3 Bc7 15. b4 Bxa5 16. bxa5 b5 17. f4 f6 18. f5 Bf7 19. g4 c4 20. Rf3 cxd3 21. cxd3 Nc5 22. Raf1 Nb3 23. Be3 Qd6 24. Rg3 Rfd8 25. g5 Qxd3 26. Qg4 Nd4 27. gxf6 g6 28. Rf2 Nc2 29. Qh4 Nxe3 30. Qh6 Nxf5 31. exf5 Qxg3+ 32. Rg2 Rd1+ 33. Nf1 Rxf1+ 34. Kxf1 Qf4+ 0-1

[Event "Toronto op"]
[Site "Toronto CAN"]
[Date "2025.08.30"]
[Round "1.12"]
[White "Li, Adam"]
[Black "Qian, Ashley"]
[Result "0-1"]
[WhiteElo "1962"]
[BlackElo "2135"]
[WhiteFideId "-1"]
[WhiteFideId "-1"]
[PlyCount "121"]
[GameId "2217351868136803"]
[EventDate "2025.08.30"]
[EventType "swiss"]
[EventRounds "6"]
[EventCountry "CAN"]
[SourceTitle "The Week in Chess 1608"]
[Source "Mark Crowther"]
[SourceDate "2025.09.01"]
[SourceVersion "2"]
[SourceVersionDate "2025.09.01"]
[SourceQuality "2"]

1. e4 c5 2. Nf3 Nc6 3. c3 d5 4. exd5 Qxd5 5. d4 Nf6 6. Be2 e6 7. O-O Be7 8. h3 O-O 9. Be3 cxd4 10. Nxd4 Nxd4 11. cxd4 Qd6 12. Nc3 Bd7 13. Qd2 Bc6 14. Bf4 Qd7 15. Be5 Rfd8 16. Rfd1 Rac8 17. a3 Nd5 18. Rac1 a6 19. Ne4 Qe8 20. Nc5 h6 21. Bd3 Bg5 22. f4 Bh4 23. Qe2 f6 24. Qe4 g6 25. f5 exf5 26. Qxh4 fxe5 27. dxe5 Ne3 28. Bc4+ Kh7 29. Rxd8 Qxd8 30. Qf2 Nxg2 31. Ne6 Qh4 32. Qxh4 Nxh4 33. Rd1 Nf3+ 34. Kf2 Nxe5 35. Bd5 g5 36. b4 Kg6 37. Nc5 Rd8 38. Bb3 Rxd1 39. Bxd1 Nd7 40. Ne6 b6 41. Be2 a5 42. Nd4 Be4 43. bxa5 bxa5 44. Nb3 a4 45. Nd2 Bc6 46. Nc4 Kf6 47. Bd1 Nc5 48. Ke3 Bg2 49. Nb6 Bxh3 50. Nxa4 Nxa4 51. Bxa4 Bg2 52. Bd7 Bb7 53. a4 f4+ 54. Kf2 h5 55. a5 Ba6 56. Kf3 Ke5 57. Bc6 g4+ 58. Kg2 h4 59. Kf2 h3 60. Bd7 g3+ 61. Kg1 0-1

[Event "Toronto op"]
[Site "Toronto CAN"]
[Date "2025.08.30"]
[Round "2.1"]
[White "Wiebe, Isaac"]
[Black "Noritsyn, Nikolay"]
[Result "0-1"]
[WhiteElo "2093"]
[BlackElo "2462"]
[WhiteFideId "-1"]
[WhiteFideId "-1"]
[PlyCount "86"]
[GameId "2217351868136804"]
[EventDate "2025.08.30"]
[EventType "swiss"]
[EventRounds "6"]
[EventCountry "CAN"]
[SourceTitle "The Week in Chess 1608"]
[Source "Mark Crowther"]
[SourceDate "2025.09.01"]
[SourceVersion "2"]
[SourceVersionDate "2025.09.01"]
[SourceQuality "2"]

1. Nf3 d5 2. e3 c5 3. b3 Nc6 4. Bb2 Nh6 5. Bb5 f6 6. c4 a6 7. Ba4 Bg4 8. h3 Bh5 9. Nc3 d4 10. Bxc6+ bxc6 11. Ne4 e5 12. Ng3 Bf7 13. O-O Be7 14. e4 Be6 15. d3 Qd7 16. Bc1 Nf7 17. Nh2 g6 18. f4 exf4 19. Bxf4 h5 20. Qe2 a5 21. Rae1 Kd8 22. Bd2 Kc7 23. Nf5 Bf8 24. Ng3 Qd8 25. Qf2 Be7 26. Ne2 Rg8 27. Rb1 Bd7 28. Qe1 Kc8 29. Nf3 g5 30. a3 g4 31. hxg4 Bxg4 32. Nh4 Ne5 33. Nf4 Bf8 34. Nf5 Qd7 35. Bxa5 Bxf5 36. exf5 Qxf5 37. b4 Bh6 38. Nd5 Qh3 39. Ne7+ Kd7 40. Nxg8 Rxg8 41. Qe4 Be3+ 42. Rf2 f5 43. Qxe5 Qxg2# 0-1

[Event "Toronto op"]
[Site "Toronto CAN"]
[Date "2025.08.30"]
[Round "2.2"]
[White "Atanasov, Anthony"]
[Black "Lai, Duc Minh"]
[Result "1-0"]
[WhiteElo "2411"]
[BlackElo "2121"]
[WhiteFideId "-1"]
[WhiteFideId "-1"]
[PlyCount "104"]
[GameId "2217351868136805"]
[EventDate "2025.08.30"]
[EventType "swiss"]
[EventRounds "6"]
[EventCountry "CAN"]
[SourceTitle "The Week in Chess 1608"]
[Source "Mark Crowther"]
[SourceDate "2025.09.01"]
[SourceVersion "2"]
[SourceVersionDate "2025.09.01"]
[SourceQuality "2"]

1. d4 Nf6 2. Nf3 e6 3. Bf4 c5 4. e3 Be7 5. dxc5 Bxc5 6. Bd3 d5 7. Nbd2 O-O 8. O-O b6 9. c4 Bb7 10. a3 Bd6 11. Qe2 Nc6 12. Rfd1 Bxf4 13. exf4 Qe7 14. cxd5 Nxd5 15. g3 Rfd8 16. Ne4 Rac8 17. Ne5 h6 18. Bb5 Nxf4 19. gxf4 Nd4 20. Rxd4 Rxd4 21. Ng3 Rxf4 22. Ba6 Bxa6 23. Qxa6 Rc2 24. Rf1 Qg5 25. Nd3 Rd4 26. Ne1 Rxb2 27. Nf3 Qd5 28. Nxd4 Qxd4 29. Qxa7 g6 30. Qa8+ Kg7 31. Qf3 Rd2 32. Re1 Rd3 33. Re3 Rxe3 34. Qxe3 Qxe3 35. fxe3 Kf6 36. Kf2 Ke5 37. Ke2 f5 38. Nf1 g5 39. Nd2 Kd5 40. Kd3 g4 41. e4+ Kc5 42. exf5 exf5 43. Ke3 h5 44. Kf4 h4 45. Kxf5 g3 46. Ne4+ Kc4 47. Nxg3 Kb3 48. Ne4 Kxa3 49. Kg4 Kb4 50. Kxh4 Kc4 51. Kg5 Kd4 52. h4 Kxe4 1-0

[Event "Toronto op"]
[Site "Toronto CAN"]
[Date "2025.08.30"]
[Round "2.3"]
[White "Ivanov, Mike"]
[Black "Malakar, Saarthak"]
[Result "0-1"]
[WhiteElo "2383"]
[BlackElo "2083"]
[WhiteFideId "-1"]
[WhiteFideId "-1"]
[PlyCount "50"]
[GameId "2217351868136806"]
[EventDate "2025.08.30"]
[EventType "swiss"]
[EventRounds "6"]
[EventCountry "CAN"]
[SourceTitle "The Week in Chess 1608"]
[Source "Mark Crowther"]
[SourceDate "2025.09.01"]
[SourceVersion "2"]
[SourceVersionDate "2025.09.01"]
[SourceQuality "2"]

1. Nf3 d5 2. g3 c6 3. Bg2 Bf5 4. O-O e6 5. c4 Nd7 6. d3 Be7 7. Qb3 Nc5 8. Qc2 a5 9. cxd5 exd5 10. Be3 Nd7 11. Nd4 Bg6 12. f4 Qb6 13. Nd2 Nh6 14. Kh1 Bf6 15. N2f3 c5 16. Nb3 Rc8 17. Rac1 a4 18. Nxc5 Nxc5 19. Bxc5 Qb5 20. e4 b6 21. f5 Rxc5 22. Qd2 dxe4 23. dxe4 Bh5 24. e5 Bxf3 25. Rxc5 Qxf1# 0-1

[Event "Toronto op"]
[Site "Toronto CAN"]
[Date "2025.08.30"]
[Round "2.4"]
[White "Kang, Dorian"]
[Black "Vettese, Nicholas"]
[Result "0-1"]
[WhiteElo "2047"]
[BlackElo "2352"]
[WhiteFideId "-1"]
[WhiteFideId "-1"]
[PlyCount "124"]
[GameId "2217351868136807"]
[EventDate "2025.08.30"]
[EventType "swiss"]
[EventRounds "6"]
[EventCountry "CAN"]
[SourceTitle "The Week in Chess 1608"]
[Source "Mark Crowther"]
[SourceDate "2025.09.01"]
[SourceVersion "2"]
[SourceVersionDate "2025.09.01"]
[SourceQuality "2"]

1. d4 Nf6 2. c4 e6 3. g3 d5 4. Bg2 Bb4+ 5. Bd2 Be7 6. Nf3 Nbd7 7. Qc2 c6 8. b3 Ne4 9. O-O f5 10. Rd1 Bf6 11. Nc3 Qe7 12. Rac1 g5 13. e3 h5 14. Ne1 h4 15. Nxe4 fxe4 16. f3 hxg3 17. hxg3 Qh7 18. fxe4 Qh2+ 19. Kf2 Be5 20. exd5 Bxg3+ 21. Ke2 Nf8 22. dxc6 Bxe1 23. Qe4 Rh4 24. Qf3 Bxd2 25. cxb7 Bxb7 26. Qxb7 Bxc1 27. Qxa8+ Ke7 28. Rxc1 Rg4 29. Kf1 Nd7 30. Rc2 Qh7 31. Re2 Qd3 32. c5 Nf6 33. Qxa7+ Kf8 34. Qa8+ Kg7 35. Qf3 Ne4 36. Kg1 Rg3 37. Qf1 Nd2 38. Rxd2 Qxd2 39. Qf2 Qc1+ 40. Kh2 Rxe3 41. Bf3 Rd3 42. Qg3 Qd2+ 43. Kh3 Qe3 44. Kg2 Rd2+ 45. Kh3 Rd3 46. Kg2 Rxd4 47. c6 Rd2+ 48. Kh3 Rd3 49. Kg2 Rc3 50. b4 e5 51. Qg4 Kf6 52. b5 Rc2+ 53. Kh3 Qf2 54. Bg2 Rc3+ 55. Kh2 e4 56. c7 Rxc7 57. Qxe4 Rc3 58. Qg4 Qe3 59. a4 Qe5+ 60. Kg1 Rc1+ 61. Kf2 Qe1+ 62. Kf3 Rc3# 0-1

[Event "Toronto op"]
[Site "Toronto CAN"]
[Date "2025.08.30"]
[Round "2.6"]
[White "Moon, Ethan"]
[Black "Plotkin, Victor"]
[Result "1/2-1/2"]
[WhiteElo "1936"]
[BlackElo "2282"]
[WhiteFideId "-1"]
[WhiteFideId "-1"]
[PlyCount "89"]
[GameId "2217351868136809"]
[EventDate "2025.08.30"]
[EventType "swiss"]
[EventRounds "6"]
[EventCountry "CAN"]
[SourceTitle "The Week in Chess 1608"]
[Source "Mark Crowther"]
[SourceDate "2025.09.01"]
[SourceVersion "2"]
[SourceVersionDate "2025.09.01"]
[SourceQuality "2"]

1. c4 Nf6 2. g3 e5 3. Bg2 g6 4. Nc3 Bg7 5. Nf3 d6 6. O-O c6 7. d4 Qc7 8. e4 O-O 9. Re1 Nbd7 10. h3 Kh8 11. Be3 Ng8 12. dxe5 dxe5 13. Nh4 Bf6 14. Nf3 Be7 15. Qc2 f6 16. a3 a5 17. Na4 b6 18. c5 bxc5 19. Nxc5 Nxc5 20. Bxc5 Be6 21. b4 Rfd8 22. Rec1 axb4 23. axb4 Rxa1 24. Rxa1 Qd7 25. Kh2 Qd3 26. Qxd3 Rxd3 27. Ra6 Bxc5 28. bxc5 Ne7 29. Ra7 Rd7 30. Rxd7 Bxd7 31. Kg1 Kg7 32. Kf1 Kf7 33. Ke2 g5 34. Kd3 Ng6 35. Kc3 Ke7 36. h4 h6 37. Bf1 Bg4 38. Nh2 Be6 39. h5 Nf8 40. Bc4 Bc8 41. g4 Kd8 42. f3 Be6 43. Nf1 Bxc4 44. Kxc4 Ne6 45. Ne3 1/2-1/2

[Event "Toronto op"]
[Site "Toronto CAN"]
[Date "2025.08.30"]
[Round "2.7"]
[White "Qian, Ashley"]
[Black "Achyuth, Akshaj"]
[Result "0-1"]
[WhiteElo "2135"]
[BlackElo "1751"]
[WhiteFideId "-1"]
[WhiteFideId "-1"]
[PlyCount "102"]
[GameId "2217351868140906"]
[EventDate "2025.08.30"]
[EventType "swiss"]
[EventRounds "6"]
[EventCountry "CAN"]
[SourceTitle "The Week in Chess 1608"]
[Source "Mark Crowther"]
[SourceDate "2025.09.01"]
[SourceVersion "2"]
[SourceVersionDate "2025.09.01"]
[SourceQuality "2"]

1. e4 c6 2. d4 d5 3. exd5 cxd5 4. c4 Nf6 5. Nc3 g6 6. Qb3 Nbd7 7. Nf3 Bg7 8. cxd5 O-O 9. d6 exd6 10. Be2 Nb6 11. O-O Be6 12. Qd1 h6 13. Bf4 Nbd5 14. Nxd5 Nxd5 15. Bg3 Rc8 16. Qd2 Qb6 17. Rac1 Nf6 18. b3 Ne4 19. Qe3 Nxg3 20. hxg3 Bd5 21. Bc4 Rce8 22. Qd3 Be4 23. Qd1 d5 24. Be2 Re7 25. Qd2 Rfe8 26. Rfd1 g5 27. Bf1 Bxf3 28. gxf3 Qf6 29. Qd3 h5 30. Rc5 Rd8 31. Bg2 Red7 32. Bh3 b6 33. Rcc1 Re7 34. Bg2 h4 35. Rc2 Rde8 36. Qd2 Qf5 37. g4 Qf6 38. Rdc1 Re6 39. Rc8 Bf8 40. R8c7 Bd6 41. Rc8 Bf4 42. Rxe8+ Rxe8 43. Qc2 Bxc1 44. Qxc1 Qf4 45. Qd1 Qc7 46. Bf1 Qc3 47. b4 Re1 48. Qb3 Qxb3 49. axb3 h3 50. b5 h2+ 51. Kg2 Rxf1 0-1

[Event "Toronto op"]
[Site "Toronto CAN"]
[Date "2025.08.30"]
[Round "2.8"]
[White "Qian, Eric"]
[Black "Noritsyn, Sergey"]
[Result "0-1"]
[WhiteElo "1967"]
[BlackElo "2298"]
[WhiteFideId "-1"]
[WhiteFideId "-1"]
[PlyCount "122"]
[GameId "2217351868140907"]
[EventDate "2025.08.30"]
[EventType "swiss"]
[EventRounds "6"]
[EventCountry "CAN"]
[SourceTitle "The Week in Chess 1608"]
[Source "Mark Crowther"]
[SourceDate "2025.09.01"]
[SourceVersion "2"]
[SourceVersionDate "2025.09.01"]
[SourceQuality "2"]

1. Nf3 d5 2. c4 d4 3. e3 Nc6 4. Nxd4 Nxd4 5. exd4 Qxd4 6. Nc3 e5 7. d3 Nh6 8. Be3 Qd8 9. d4 exd4 10. Qxd4 Qxd4 11. Bxd4 Nf5 12. Be5 c6 13. O-O-O f6 14. Bf4 g5 15. Bc7 Be6 16. h3 Rc8 17. Bh2 Kf7 18. Be2 h5 19. Rhe1 g4 20. hxg4 hxg4 21. Bf4 Nh4 22. Rh1 Be7 23. Rh2 Ng6 24. Bh6 f5 25. Rdh1 Bd6 26. g3 b5 27. Be3 Rxh2 28. Rxh2 b4 29. Na4 f4 30. Bc5 fxg3 31. fxg3 Bxg3 32. Rh7+ Kf6 33. Bxb4 Bf5 34. Nc5 Rd8 35. Bc3+ Kg5 36. b4 Bf4+ 37. Kb2 Be5 38. Kb3 Bxc3 39. Kxc3 Nf4 40. Rg7+ Kf6 41. Bxg4 Kxg7 42. Bxf5 Ne2+ 43. Kc2 Kf6 44. Bg4 Nd4+ 45. Kc3 Ke5 46. Bd7 Ne2+ 47. Kd3 Nc1+ 48. Kc2 Nxa2 49. Kb3 Nc1+ 50. Kb2 Ne2 51. Bxc6 Rd2+ 52. Kb3 Kd4 53. Ne6+ Kd3 54. Bd5 Nc1+ 55. Ka4 Kc3 56. Nc5 Ra2+ 57. Kb5 Ne2 58. Na4+ Kd4 59. Bf7 a6+ 60. Kxa6 Rxa4+ 61. Kb5 Nc3+ 0-1

[Event "Toronto op"]
[Site "Toronto CAN"]
[Date "2025.08.30"]
[Round "2.9"]
[White "Cummings, David"]
[Black "Yang, Larry"]
[Result "1-0"]
[WhiteElo "2252"]
[BlackElo "2108"]
[WhiteFideId "-1"]
[WhiteFideId "-1"]
[PlyCount "157"]
[GameId "2217351868140908"]
[EventDate "2025.08.30"]
[EventType "swiss"]
[EventRounds "6"]
[EventCountry "CAN"]
[SourceTitle "The Week in Chess 1608"]
[Source "Mark Crowther"]
[SourceDate "2025.09.01"]
[SourceVersion "2"]
[SourceVersionDate "2025.09.01"]
[SourceQuality "2"]

1. c4 Nf6 2. Nc3 c5 3. Nf3 Nc6 4. d4 cxd4 5. Nxd4 g6 6. e4 d6 7. Be2 Bg7 8. Be3 O-O 9. h3 Bd7 10. O-O Nxd4 11. Bxd4 Bc6 12. Qc2 Nd7 13. Bxg7 Kxg7 14. b4 b6 15. Rfd1 Qc7 16. Rac1 Rfc8 17. Qb2 Kg8 18. Qd2 Nf6 19. Qe3 Qb7 20. Bf3 Qc7 21. b5 Bb7 22. Nd5 Bxd5 23. cxd5 Qd8 24. Rc6 Rcb8 25. e5 dxe5 26. Qxe5 Ne8 27. Re1 Rb7 28. h4 Nd6 29. h5 Qd7 30. Qe2 Rd8 31. Bg4 Qe8 32. Rec1 f5 33. Bf3 Rbd7 34. a4 Qf7 35. Rc7 Ne4 36. Bxe4 fxe4 37. Qxe4 Qf5 38. Qe6+ Kg7 39. hxg6 hxg6 40. Qxf5 gxf5 41. g3 Kf7 42. Kg2 Rxc7 43. Rxc7 Rxd5 44. Rxa7 Rd4 45. Ra6 e5 46. Rxb6 Rxa4 47. Rc6 Rb4 48. b6 Rb2 49. Rc7+ Kf6 50. b7 e4 51. Kf1 Kg5 52. Ke1 Kg4 53. Rf7 Kg5 54. Kd1 Kg6 55. Rc7 f4 56. gxf4 Kf5 57. Kc1 Rb4 58. Kc2 Kxf4 59. Kc3 Rb1 60. Kd4 Rb4+ 61. Kc5 Rb2 62. Kc6 Kf3 63. Rf7+ Ke2 64. Rf8 Rb1 65. Rf4 Kd3 66. Kc7 Rc1+ 67. Kd7 Rb1 68. Kc8 Rc1+ 69. Kd8 Rb1 70. Rf7 Ke2 71. Kc8 Rc1+ 72. Rc7 Rb1 73. Rc2+ Kd3 74. Ra2 Rc1+ 75. Kd7 Rb1 76. Kc7 Rc1+ 77. Kb6 Rb1+ 78. Ka7 e3 79. fxe3 1-0

[Event "Toronto op"]
[Site "Toronto CAN"]
[Date "2025.08.30"]
[Round "2.10"]
[White "Gao, Raymond"]
[Black "Xie, Irene"]
[Result "1-0"]
[WhiteElo "1999"]
[BlackElo "1977"]
[WhiteFideId "-1"]
[WhiteFideId "-1"]
[PlyCount "71"]
[GameId "2217351868140909"]
[EventDate "2025.08.30"]
[EventType "swiss"]
[EventRounds "6"]
[EventCountry "CAN"]
[SourceTitle "The Week in Chess 1608"]
[Source "Mark Crowther"]
[SourceDate "2025.09.01"]
[SourceVersion "2"]
[SourceVersionDate "2025.09.01"]
[SourceQuality "2"]

1. e4 e6 2. d4 d5 3. Nd2 c5 4. exd5 Qxd5 5. Ngf3 cxd4 6. g3 Nc6 7. Bg2 Nf6 8. O-O Be7 9. Nb3 d3 10. cxd3 O-O 11. d4 Qd8 12. Ne5 Nb4 13. a3 Na6 14. Bd2 Nd5 15. Rc1 Nac7 16. Nc5 b6 17. Nc6 Qe8 18. Ne4 Bb7 19. Nxe7+ Qxe7 20. Re1 Rac8 21. Qh5 Nb5 22. Bg5 f6 23. Be3 Rxc1 24. Rxc1 f5 25. Ng5 h6 26. Nf3 f4 27. gxf4 Rf5 28. Qg4 Nf6 29. Qg6 Nd5 30. Ne5 Nxd4 31. Bxd5 Rf6 32. Qg4 h5 33. Qd1 Bxd5 34. Bxd4 Rf5 35. Rc8+ Kh7 36. Rh8+ 1-0

[Event "Toronto op"]
[Site "Toronto CAN"]
[Date "2025.08.30"]
[Round "2.11"]
[White "Zhang, Daniel"]
[Black "Razin, Vadim"]
[Result "0-1"]
[WhiteElo "1922"]
[BlackElo "2396"]
[WhiteFideId "-1"]
[WhiteFideId "-1"]
[PlyCount "60"]
[GameId "2217351868140910"]
[EventDate "2025.08.30"]
[EventType "swiss"]
[EventRounds "6"]
[EventCountry "CAN"]
[SourceTitle "The Week in Chess 1608"]
[Source "Mark Crowther"]
[SourceDate "2025.09.01"]
[SourceVersion "2"]
[SourceVersionDate "2025.09.01"]
[SourceQuality "2"]

1. c4 e5 2. Nc3 Nc6 3. g3 Bc5 4. Bg2 d6 5. e3 a6 6. Nge2 Ba7 7. d4 h5 8. h3 h4 9. g4 f5 10. Qc2 exd4 11. Bxc6+ bxc6 12. Nxd4 Bxd4 13. exd4 Qf6 14. Qe2+ Ne7 15. d5 O-O 16. dxc6 Nxc6 17. Nd5 Qf7 18. g5 Re8 19. Be3 Nd4 20. Qd1 Ne6 21. Kf1 f4 22. g6 Qxg6 23. Rg1 Qf7 24. Bd2 Nd4 25. Kg2 Qf5 26. Nxf4 Re4 27. f3 Rxf4 28. Bxf4 Qxf4 29. Kf2 Bxh3 30. a4 Re8 0-1

[Event "Toronto op"]
[Site "Toronto CAN"]
[Date "2025.08.30"]
[Round "2.12"]
[White "Jaferian, Kosha"]
[Black "Barron, Michael"]
[Result "1/2-1/2"]
[WhiteElo "2285"]
[BlackElo "2034"]
[WhiteFideId "-1"]
[WhiteFideId "-1"]
[PlyCount "156"]
[GameId "2217351868140911"]
[EventDate "2025.08.30"]
[EventType "swiss"]
[EventRounds "6"]
[EventCountry "CAN"]
[SourceTitle "The Week in Chess 1608"]
[Source "Mark Crowther"]
[SourceDate "2025.09.01"]
[SourceVersion "2"]
[SourceVersionDate "2025.09.01"]
[SourceQuality "2"]

1. d4 f5 2. Bf4 Nf6 3. e3 e6 4. Nf3 b6 5. h3 Bb7 6. Bd3 d6 7. c4 Nbd7 8. Bh2 Ne4 9. O-O Be7 10. Nfd2 Ndf6 11. Nxe4 Nxe4 12. f3 Ng5 13. Nc3 O-O 14. d5 Qd7 15. f4 Nf7 16. e4 exd5 17. Nxd5 Nh6 18. Qc2 g6 19. Rae1 Rae8 20. Kh1 Bh4 21. Re2 fxe4 22. Bxe4 Nf5 23. Qd3 c6 24. Nc3 Bf6 25. Bg1 d5 26. Bf2 d4 27. c5 Qf7 28. Nd1 bxc5 29. b3 Nd6 30. Bf3 c4 31. bxc4 c5 32. Bxb7 Qxb7 33. Rfe1 Rxe2 34. Rxe2 Re8 35. Rxe8+ Nxe8 36. f5 Kf7 37. Bg3 Qd7 38. fxg6+ hxg6 39. Nf2 Nd6 40. Bxd6 Qxd6 41. Qe4 Qe6 42. Qxe6+ Kxe6 43. Nd3 Kf5 44. Nxc5 Kf4 45. Kg1 Ke3 46. Kf1 Bh4 47. Na4 d3 48. c5 Kd2 49. c6 Bg3 50. Nb2 Kc2 51. Nc4 Bf4 52. Kf2 d2 53. Nxd2 Kxd2 54. Kf3 Bc7 55. Ke4 Kc3 56. Kd5 a5 57. h4 Bg3 58. Ke6 a4 59. Kf7 Kb2 60. Kxg6 Kxa2 61. h5 Kb3 62. h6 a3 63. h7 Be5 64. c7 a2 65. c8=Q a1=Q 66. Qe6+ Kc2 67. g4 Bh8 68. Kh5 Qh1+ 69. Kg6 Qa1 70. Kg5 Kd3 71. Qf7 Ke3 72. Kg6 Qa6+ 73. Kh5 Qa1 74. g5 Qe5 75. Kg6 Qd6+ 76. Kh5 Qh2+ 77. Kg6 Qd6+ 78. Kh5 Qh2+ 1/2-1/2

[Event "Toronto op"]
[Site "Toronto CAN"]
[Date "2025.08.31"]
[Round "3.2"]
[White "Malakar, Saarthak"]
[Black "Atanasov, Anthony"]
[Result "0-1"]
[WhiteElo "2083"]
[BlackElo "2411"]
[WhiteFideId "-1"]
[WhiteFideId "-1"]
[PlyCount "114"]
[GameId "2217351868140913"]
[EventDate "2025.08.30"]
[EventType "swiss"]
[EventRounds "6"]
[EventCountry "CAN"]
[SourceTitle "The Week in Chess 1608"]
[Source "Mark Crowther"]
[SourceDate "2025.09.01"]
[SourceVersion "2"]
[SourceVersionDate "2025.09.01"]
[SourceQuality "2"]

1. d4 d5 2. Nf3 Nf6 3. g3 e6 4. Bg2 Be7 5. O-O O-O 6. c4 c6 7. Nc3 a5 8. b3 Ne4 9. Bb2 Nd7 10. Qc2 f5 11. Ne1 Nd6 12. Ba3 Kh8 13. Rd1 dxc4 14. Nf3 cxb3 15. Qxb3 Nf6 16. Ne5 Nd5 17. Na4 Nf7 18. Nb6 Nxb6 19. Bxe7 Qxe7 20. Qxb6 Kg8 21. e3 Ra6 22. Qb2 Qc7 23. Rb1 a4 24. Nd3 Ra5 25. Qb4 e5 26. Rfc1 e4 27. Nc5 Nd6 28. Bf1 h6 29. Nxa4 Be6 30. Nb6 Rxa2 31. d5 Bf7 32. Rc5 Kh7 33. Rbc1 Be8 34. Nc4 Nxc4 35. Bxc4 Ra8 36. dxc6 bxc6 37. Be6 Qe7 38. Qb3 Ra1 39. Rxa1 Qxc5 40. Bc4 Bh5 41. Qc3 Qe7 42. Bf1 c5 43. Ra5 Rc8 44. Qc4 Bf7 45. Qa6 Qe6 46. Qb5 c4 47. Ra2 c3 48. Rc2 Qd5 49. Qb1 Qb3 50. Qc1 Qb4 51. Qa1 Bb3 52. Rc1 Rc5 53. Be2 c2 54. Kg2 Qd2 55. Bh5 f4 56. Qa3 f3+ 57. Kg1 Qd1+ 0-1

[Event "Toronto op"]
[Site "Toronto CAN"]
[Date "2025.08.31"]
[Round "3.3"]
[White "Achyuth, Akshaj"]
[Black "Vettese, Nicholas"]
[Result "0-1"]
[WhiteElo "1751"]
[BlackElo "2352"]
[WhiteFideId "-1"]
[WhiteFideId "-1"]
[PlyCount "104"]
[GameId "2217351868140914"]
[EventDate "2025.08.30"]
[EventType "swiss"]
[EventRounds "6"]
[EventCountry "CAN"]
[SourceTitle "The Week in Chess 1608"]
[Source "Mark Crowther"]
[SourceDate "2025.09.01"]
[SourceVersion "2"]
[SourceVersionDate "2025.09.01"]
[SourceQuality "2"]

1. e4 e6 2. d4 d5 3. Bd3 c5 4. c3 cxd4 5. cxd4 Nc6 6. Ne2 dxe4 7. Bxe4 Nf6 8. Bf3 Bd6 9. Nbc3 O-O 10. O-O Re8 11. Re1 Bd7 12. Bg5 Be7 13. Rc1 Rc8 14. Bxf6 Bxf6 15. Nb5 Be7 16. Bxc6 Rxc6 17. Rxc6 Bxc6 18. Nxa7 Bd7 19. a4 Qa5 20. Nb5 Qb4 21. Nec3 Qxb2 22. Qc1 Qb3 23. Qe3 Bxb5 24. Nxb5 Qxa4 25. Nc7 Rf8 26. d5 Qd7 27. Qb6 Rc8 28. dxe6 Qxc7 29. exf7+ Kxf7 30. Qe6+ Kf8 31. g4 h6 32. Qf5+ Bf6 33. h4 Re8 34. Rb1 Qe5 35. Qf3 Qe4 36. Qxe4 Rxe4 37. Rxb7 Rxg4+ 38. Kf1 Rxh4 39. Kg2 Rf4 40. Kg3 Rf5 41. f3 h5 42. Ra7 Be5+ 43. Kg2 Rg5+ 44. Kh3 g6 45. Kh4 Rf5 46. Rb7 Rxf3 47. Kg5 Rg3+ 48. Kh6 h4 49. Rb5 Bf4+ 50. Kh7 h3 51. Rb4 g5 52. Kg6 h2 0-1

[Event "Toronto op"]
[Site "Toronto CAN"]
[Date "2025.08.31"]
[Round "3.4"]
[White "Noritsyn, Sergey"]
[Black "Moon, Ethan"]
[Result "1-0"]
[WhiteElo "2298"]
[BlackElo "1936"]
[WhiteFideId "-1"]
[WhiteFideId "-1"]
[PlyCount "79"]
[GameId "2217351868145011"]
[EventDate "2025.08.30"]
[EventType "swiss"]
[EventRounds "6"]
[EventCountry "CAN"]
[SourceTitle "The Week in Chess 1608"]
[Source "Mark Crowther"]
[SourceDate "2025.09.01"]
[SourceVersion "2"]
[SourceVersionDate "2025.09.01"]
[SourceQuality "2"]

1. e4 c5 2. Nf3 d6 3. Bb5+ Bd7 4. Bxd7+ Nxd7 5. O-O Ngf6 6. Qe2 e6 7. c3 Be7 8. d3 O-O 9. a4 a6 10. c4 Re8 11. Nc3 Nf8 12. d4 cxd4 13. Nxd4 Ng6 14. Rd1 Qc7 15. b3 Qa5 16. Bd2 Qc7 17. Be3 Rad8 18. Nc2 Nd7 19. a5 Bf6 20. Nd4 Rc8 21. Ra2 Nc5 22. Qc2 Red8 23. Qb1 Ne5 24. f3 Nc6 25. Nxc6 bxc6 26. Na4 Nxa4 27. Rxa4 c5 28. b4 cxb4 29. Rxb4 Rd7 30. Bb6 Qc6 31. Qd3 h6 32. g3 Be7 33. Kh1 d5 34. exd5 exd5 35. c5 Bxc5 36. Rc1 Qd6 37. Rxc5 Re8 38. Rb1 d4 39. Rc4 Re3 40. Rc8+ 1-0